000
00304nam a22001457a 4500
008
210604b ||||| |||| 00| 0 eng d
020
_a
1564963772
041
_a
eng
080
_a
37
082
_a
37
100
_a
46
101
_a
EDU
245
_a
Computer Animation
_c
Rita Street
942
_2
udc
_c
BK
999
_c
57953
_d
57953